Constitutional development in Pakistan (Record no. 531949)

000 -LEADER
fixed length control field 00828cam a2200241 4500
001 - CONTROL NUMBER
control field 3240594
005 - DATE AND TIME OF LATEST TRANSACTION
control field 20191104183203.0
008 - FIXED-LENGTH DATA ELEMENTS--GENERAL INFORMATION
fixed length control field 710120s1969 bcc b 001 0 eng
010 ## - LIBRARY OF CONGRESS CONTROL NUMBER
LC control number 79529216
020 ## - INTERNATIONAL STANDARD BOOK NUMBER
International Standard Book Number 0582780071
040 ## - CATALOGING SOURCE
Transcribing agency DLC
082 00 - DEWEY DECIMAL CLASSIFICATION NUMBER
Classification number 320.95492
Author Mark CHO
100 1# - MAIN ENTRY--PERSONAL NAME
Personal name Choudhury, G. W.
Fuller form of name (Golam Wahed),
Dates associated with a name 1926-1997.
9 (RLIN) 25136
245 10 - TITLE STATEMENT
Title Constitutional development in Pakistan
Statement of responsibility, etc. [by] G. W. Choudhury.
250 ## - EDITION STATEMENT
Edition statement 2d ed. rev. and enl.
260 ## - PUBLICATION, DISTRIBUTION, ETC.
Place of publication, distribution, etc. Vancouver,
Name of publisher, distributor, etc. Publications Centre, University of British Columbia,
Date of publication, distribution, etc. 1969.
300 ## - PHYSICAL DESCRIPTION
Extent ix, 277 p.
Dimensions 23 cm.
504 ## - BIBLIOGRAPHY, ETC. NOTE
Bibliography, etc. note Bibliography: p. 256-260.
610 10 - SUBJECT ADDED ENTRY--CORPORATE NAME
Corporate name or jurisdiction name as entry element Pakistan.
Subordinate unit Constituent Assembly (1947-1954)
9 (RLIN) 1194
610 10 - SUBJECT ADDED ENTRY--CORPORATE NAME
Corporate name or jurisdiction name as entry element Pakistan.
Subordinate unit Constituent Assembly (Legislature)
9 (RLIN) 1193
651 #0 - SUBJECT ADDED ENTRY--GEOGRAPHIC NAME
Geographic name Pakistan
General subdivision Politics and government.
9 (RLIN) 206
942 ## - ADDED ENTRY ELEMENTS (KOHA)
Source of classification or shelving scheme
Koha item type Book
Holdings
Withdrawn status Lost status Source of classification or shelving scheme Damaged status Not for loan Permanent Location Current Location Date acquired Total Checkouts Total Renewals Full call number Barcode Checked out Date last seen Date last checked out Price effective from Koha item type
          School of Civil and Environmental Engineering (SCEE) School of Civil and Environmental Engineering (SCEE) 11/04/2019 1 1 320.95492 CHO NIT-12956 09/23/2023 11/04/2019 11/04/2019 11/04/2019 Book
© 2023 Central Library, National University of Sciences and Technology. All Rights Reserved.